Advanced auto cad 2011 : (Record no. 38276)

MARC details
000 -LEADER
fixed length control field 00758nam a22002057a 4500
005 - DATE AND TIME OF LATEST TRANSACTION
control field 2010073009389.0
010 ## - LCCN (DPL NO)
LC control number ENG-97446
020 ## - INTERNATIONAL STANDARD BOOK NUMBER
International Standard Book Number 9788183333658
Terms of availability 297.00
035 ## - SYSTEM CONTROL NUMBER
System control number EN-80979
037 ## - SOURCE OF ACQUISITION
Source of stock number/acquisition DBAD/PUB
082 ## - DEWEY DECIMAL CLASSIFICATION NUMBER
Classification number 620.00420285536
100 ## - MAIN ENTRY--PERSONAL NAME
Personal name Shrock, Cheryl R.
245 ## - TITLE STATEMENT
Title Advanced auto cad 2011 :
Remainder of title exercise workbook /
Statement of responsibility, etc by Cheryl R. Shrock
260 ## - PUBLICATION, DISTRIBUTION, ETC. (IMPRINT)
Place of publication, distribution, etc New Delhi
Name of publisher, distributor, etc BPB Publications
Date of publication, distribution, etc 2010
270 ## - ADDRESS
Address B-14, Connaught Place,
City New Delhi
Postal code 110001
300 ## - PHYSICAL DESCRIPTION
Extent Various Pagings
Dimensions 24 cm (pbk)
500 ## - GENERAL NOTE
General note Incldues index
942 ## - ADDED ENTRY ELEMENTS (KOHA)
Source of classification or shelving scheme Dewey Decimal Classification
Item type English Books
Classification part 620.00420285536
Call number suffix SHR
Holdings
Withdrawn status Lost status Not for loan Collection code Home library Current library Date acquired Source of acquisition Cost, normal purchase price Full call number Barcode Copy number Cost, replacement price Koha item type
    Not For Loan Non-fiction D.B.Act.Division D.B.Act.Division 30/07/2010 DBAD/PUB 297.00 620.00420285536 SHR EN-80979 1 297.00 English Books

© Delhi Public Library
Hit Counter
free hit counter